000 00473nam a2200181Ia 4500
001 24795
005 20260414151107.0
008 260414t2018||||xx |||||||||||||| ||spa||
041 _aESP
082 _a346
_bB85
100 _aBrugi, Biagio,
_eAUT
245 0 _aInstituciones de derecho civil con aplicación especial a todo el derecho privado
_b
260 _c2018
300 _a706 pƔginas :
_c23 cm.
650 _aDER
654 _aCDE
942 _cLIB
_dJUS
_fJUS
_2ddc
_n
999 _c24795
_d24795